000 02051cam a2200313 i 4500
001 13578
003 DO-SdUEMH
005 20260217170706.0
007 ta
008 211106s2006 dr a gr 001 0 spa d
020 _a9993490644
040 _aDO-SdUEMH
_bspa
_erda
041 _aspa
082 1 4 _mRD
_bG241f
100 _aGarrido de Boggs, Edna
_eas
245 1 0 _aFolklore infantil de santo domingo /
_cEdna Garrido de Bogs ; Colaboradores: Crawford Seeger, Ruth Gaston, Gloria ; prólogo: Eleanor Grimaldi Silié
260 _aSanto Domingo: Colección Clásico de Bibliófilos, 2004.
264 0 1 _aSanto Domingo :
_bSociedad Dominicana de Bibliófilos,
_c2004
300 _axix, 663 páginas :
_bilustraciones ;
_c22 cm.
336 _2rdacontent
_atexto
_btxt
337 _2rdamedia
_asin mediación
_bn
338 _2rdacarrier
_avolumen
_bnc
490 _aColección de Clásicos Bibliófilos ;
_v8
504 _aBibliografías en página 637
505 2 _aLa canción folclórica -- Canción de Navidad -- El villancico -- Canción de mayo -- Infantiles y misceláneas -- Canción de amor -- Piropos y declaraciones -- Canciones de tristeza -- Canciones de desprecio -- Jocosas y humorísticas -- Desafío y jactancia -- Canciones de odio -- Romances y romancillos -- Juegos -- El juego cantado para entretener al bebé -- Juegos que se juegan en círculo -- Juegos que se juegan en semicírculo -- Juegos que se juegan en hileras -- Juegos que se juegan entre dos -- Juegos de esconder -- Juegos que se juegan en carreras -- Juegos que se juegan con las manos -- Juegos que se juegan empleando algún objeto -- Juegos que se juegan con figuras en el suelo -- Juegos que se juegan en el agua -- Miscelánea -- Fórmulas y convenios -- Bromas y burlas -- Rimas -- Rimas de diversas clases -- Rimas para contar los dedos -- Rimas de las doce palabras -- Rezos de niños -- Parodias -- Trabalenguas -- Cuentos -- Adivinanzas -- Creencias -- Bibliografía.
650 _aCULTURA DOMINICANA
942 _aBK
_2ddc
_cBK
_n0
999 _c13578
_d13578